Firajoc : 26 desembre '87 - 5 gener '88 : La farga - L'Hospitalet 26 desembre '87 - 5 gener '88 :
Descripción Física:
1 díptic ; 21 cm
Materias:
Fires -- L'Hospitalet de Llobregat
MARC
| LEADER | 00000nam a2200000Ia 4500 | ||
|---|---|---|---|
| 001 | 15992 | ||
| 008 | 160829s1987 xx 000 0 cat d | ||
| 080 | |a FU-41-21 | ||
| 245 | |a Firajoc : |b 26 desembre '87 - 5 gener '88 : |b La farga - L'Hospitalet | ||
| 260 | |a Barcelona : |b Ajuntament de l'Hospitalet de Llobregat : |b Diputació de Barcelona, |c 1987 | ||
| 300 | |a 1 díptic ; |c 21 cm | ||
| 590 | |a Prové de A-831 exp. 3 | ||
| 650 | |a Fires |x L'Hospitalet de Llobregat |9 46986 | ||
| 710 | 1 | |a Hospitalet de Llobregat (Catalunya). |b Ajuntament |9 52871 | |
| 710 | 1 | |a Barcelona (Catalunya : Província). |b Servei de Joventut |9 54681 | |
| 901 | |a Arxiu | ||
| 942 | |n 1 | ||
| 952 | |0 0 |1 0 |4 0 |6 FU4121 |7 1 |9 53577 |a Arxiu |b Arxiu |d 2016-12-01 |l 0 |o FU-41-21 |p 15992 |r 2016-12-01 00:00:00 |w 2016-12-01 |y ARXIU | ||
| 999 | |c 57443 |d 57443 | ||